Statistiques concernant Chansons 🎶 en emojis 🎤 #8

Cliquez ici pour prendre le quiz!

Statistiques générales

  • Ce quiz a été pris 431 fois
  • Le résultat moyen est 4 sur 10

Statistiques - réponses

Titre% Correct
🗣 🖐Parle à ma mainYelle et Michaël Youn
81%
🌍 ⭕️La Terre est rondeOrelsan
74%
❤️ ⚫️Cœur noirEva
69%
⚓️👉👀L'encre de tes yeuxFrancis Cabrel
54%
🙅📍Pas làVianney
45%
👵 🔷Mamy BlueNicoletta
39%
📆 2️⃣ ❄️Jour de neigeElsa Lunghini
34%
🤡 ❤️Le p'tit clown de ton cœurJohnny Hallyday / Richard Anthony
10%
⏲ 🔃 ⚡️Le temps tourne à l'orageElsa
2%
🕳 2️⃣ 🚉Le trou de mon quaiDranem / Les Charlots
2%

Distribution des résultats

Percentile par nombre de réponses

% des personnes avec chaque résultat

Votre développement - résultats

Vous n’avez pas pris ce quiz